[Event "Tromsoe Mars GP A"]
[Site "Tromsoe"]
[Date "2017.03.25"]
[Round "4"]
[White "Kristensen, Kjell Ole"]
[Black "Royset, Pal"]
[Result "0-1"]
[WhiteElo "1896"]
[BlackElo "2121"]
[PlyCount "79"]
[EventDate "2017.03.24"]
[EventType "swiss"]
[EventRounds "7"]
[EventCountry "NOR"]
[SourceTitle "EXT 2024"]
[Source "ChessBase"]
[SourceDate "2023.10.10"]
[SourceVersion "1"]
[SourceVersionDate "2023.10.10"]
[SourceQuality "1"]

1. e4 c5 2. Nf3 d6 3. d4 cxd4 4. Nxd4 Nf6 5. Nc3 a6 6. f4 e6 7. Bd3 Be7 8. Nf3 Nc6 9. 0-0 b5 10. a3 Bb7 11. Kh1 b4 12. axb4 Nxb4 13. Be3 0-0 14. Qe1 d5 15. e5 Ne4 16. Nd4 Qc7 17. Rc1 Nc5 18. Be2 f6 19. Qg3 Nc6 20. Nxe6 Nxe6 21. Nxd5 Qd8 22. Bc4 Kh8 23. Rcd1 fxe5 24. Bb6 Qe8 25. fxe5 Rxf1+ 26. Rxf1 Bd8 27. Be3 Na5 28. Ba2 Qb5 29. Qf3 Be7 30. Rd1 Rf8 31. Qg4 Rf1+ 32. Bg1 Bc5 33. Ne3 Rxd1 34. Qxd1 Qb6 35. Nd5 Qxb2 36. Bxc5 Qxa2 37. Ne7 h6 38. Ng6+ Kh7 39. Qd3 Nxc5 40. Ne7+ 0-1

[Event "Narvik Rallarsjakken A"]
[Site "Narvik"]
[Date "2014.04.04"]
[Round "3"]
[White "Schjelderup, Nils Jakob"]
[Black "Kristensen, Kjell Ole"]
[Result "1/2-1/2"]
[WhiteElo "1871"]
[BlackElo "2123"]
[PlyCount "60"]
[EventDate "2014.04.04"]
[EventType "swiss"]
[EventRounds "5"]
[EventCountry "NOR"]
[SourceTitle "EXT 2024"]
[Source "ChessBase"]
[SourceDate "2023.10.10"]
[SourceVersion "1"]
[SourceVersionDate "2023.10.10"]
[SourceQuality "1"]

1. e4 c5 2. Nc3 e6 3. f4 d5 4. d3 Nc6 5. Nf3 Nf6 6. e5 Nd7 7. g3 b5 8. Bh3 g6 9. 0-0 Qb6 10. Kh1 Bb7 11. Bg2 Bg7 12. Re1 0-0 13. b3 Rac8 14. Bb2 Rfd8 15. a4 a6 16. Qe2 Ne7 17. axb5 axb5 18. h3 Ra8 19. Qf2 h6 20. Kh2 b4 21. Ne2 Rxa1 22. Rxa1 d4 23. Nd2 Nd5 24. Nc4 Qc7 25. Ng1 Ra8 26. Rxa8+ Bxa8 27. Nf3 Qa7 28. Qe1 N7b6 29. Nfd2 Qa2 30. Qa1 Qxa1 1/2-1/2

[Event "Tromsoe NGP op"]
[Site "Tromsoe"]
[Date "2013.11.22"]
[Round "5"]
[White "Kristensen, Kjell Ole"]
[Black "Esbensen, Hans Fredrik"]
[Result "1-0"]
[WhiteElo "2134"]
[BlackElo "1727"]
[PlyCount "37"]
[EventDate "2013.11.22"]
[EventType "swiss"]
[EventRounds "5"]
[EventCountry "NOR"]
[SourceTitle "CBM 157 Extra"]
[Source "ChessBase"]
[SourceDate "2013.12.19"]
[SourceVersion "1"]
[SourceVersionDate "2013.12.19"]
[SourceQuality "1"]

1. e4 g6 2. d4 d6 3. Nc3 Nf6 4. Be2 Bg7 5. g4 0-0 6. g5 Ne8 7. h4 Nc6 8. Be3 e5 9. dxe5 dxe5 10. Qxd8 Nxd8 11. Bc5 Nd6 12. 0-0-0 f5 13. Bxd6 cxd6 14. Rxd6 Kh8 15. Bc4 fxe4 16. h5 gxh5 17. Rxh5 Nf7 18. g6 Nxd6 19. Rxh7# 1-0

[Event "Tromsoe NGP op"]
[Site "Tromsoe"]
[Date "2013.11.22"]
[Round "2"]
[White "Turov, Maxim"]
[Black "Kristensen, Kjell Ole"]
[Result "1-0"]
[WhiteElo "2587"]
[BlackElo "2134"]
[PlyCount "85"]
[EventDate "2013.11.22"]
[EventType "swiss"]
[EventRounds "5"]
[EventCountry "NOR"]
[SourceTitle "CBM 157 Extra"]
[Source "ChessBase"]
[SourceDate "2013.12.19"]
[SourceVersion "1"]
[SourceVersionDate "2013.12.19"]
[SourceQuality "1"]

1. d4 Nf6 2. c4 e5 3. dxe5 Ng4 4. Bf4 Bb4+ 5. Nc3 Bxc3+ 6. bxc3 Nc6 7. Nf3 Qe7 8. Qd5 Qa3 9. Rc1 f6 10. exf6 Nxf6 11. Qd2 d6 12. g3 0-0 13. Bg2 Qc5 14. Nd4 Ne5 15. 0-0 Nxc4 16. Qd3 Ne5 17. Qb1 Kh8 18. Qb4 Ng6 19. Qxc5 dxc5 20. Nb3 Nxf4 21. gxf4 c4 22. Na5 Rb8 23. Nxc4 Be6 24. Ne5 Bxa2 25. Ra1 Bd5 26. Rxa7 Ra8 27. Rfa1 Rxa7 28. Rxa7 Bxg2 29. Kxg2 Nd5 30. e3 Nxc3 31. Rxb7 Rc8 32. Nc6 Nd5 33. Kf3 Rf8 34. Rb5 Nb6 35. Rc5 Nd7 36. Ra5 Nb6 37. Nd4 h6 38. Rc5 g5 39. f5 Rf7 40. Kg3 Na4 41. Rc6 Kh7 42. Kg4 Nb2 43. Kh5 1-0

[Event "Politiken Cup 35th"]
[Site "Helsingor"]
[Date "2013.08.03"]
[Round "9"]
[White "Haugli, Petter"]
[Black "Kristensen, Kjell Ole"]
[Result "1-0"]
[WhiteElo "2287"]
[BlackElo "2141"]
[PlyCount "82"]
[EventDate "2013.07.27"]
[EventType "swiss"]
[EventRounds "10"]
[EventCountry "DEN"]
[SourceTitle "CBM 155 Extra"]
[Source "ChessBase"]
[SourceDate "2013.08.26"]
[SourceVersion "1"]
[SourceVersionDate "2013.08.26"]
[SourceQuality "1"]

1. Nf3 c5 2. c4 Nc6 3. g3 g6 4. Bg2 Bg7 5. Nc3 d6 6. 0-0 e5 7. d3 Nge7 8. Ne1 0-0 9. Nc2 Rb8 10. Rb1 h6 11. b4 Kh7 12. bxc5 dxc5 13. Ne3 b6 14. Ned5 f5 15. Nxe7 Nxe7 16. a4 Bb7 17. Bxb7 Rxb7 18. a5 e4 19. Na4 Rd7 20. axb6 axb6 21. Rxb6 exd3 22. Nxc5 dxe2 23. Qxe2 Rd6 24. Rb5 Nc6 25. Ne6 Re8 26. Nxd8 Rxe2 27. Nxc6 Rxc6 28. c5 g5 29. Be3 Be5 30. Rb7+ Kg6 31. Re7 Kf6 32. Re8 Rc2 33. f4 gxf4 34. gxf4 Bb2 35. Rf2 Rxf2 36. Kxf2 Ba3 37. Bd4+ Kf7 38. Re5 Kg6 39. Ke2 Ra6 40. Rd5 Bc1 41. Be5 Ra4 1-0

[Event "Politiken Cup 35th"]
[Site "Helsingor"]
[Date "2013.07.29"]
[Round "4"]
[White "Kristensen, Kjell Ole"]
[Black "Helin, Mikael"]
[Result "1-0"]
[WhiteElo "2141"]
[BlackElo "1910"]
[PlyCount "47"]
[EventDate "2013.07.27"]
[EventType "swiss"]
[EventRounds "10"]
[EventCountry "DEN"]
[SourceTitle "CBM 155 Extra"]
[Source "ChessBase"]
[SourceDate "2013.08.26"]
[SourceVersion "1"]
[SourceVersionDate "2013.08.26"]
[SourceQuality "1"]

1. e4 c5 2. Nf3 e6 3. d4 cxd4 4. Nxd4 a6 5. Nc3 Qc7 6. Bd3 Nf6 7. 0-0 h5 8. h3 Ng4 9. hxg4 hxg4 10. g3 Qe5 11. Qxg4 Qxd4 12. Be3 Qb4 13. Rab1 Nc6 14. a3 Qa5 15. b4 Qc7 16. Rb3 Ne5 17. Qe2 b5 18. a4 Bb7 19. axb5 axb5 20. Nxb5 Qc6 21. Rc3 Qxe4 22. Bxe4 Bxe4 23. Nc7+ Kd8 24. Bg5+ 1-0

[Event "NOR-chT lag"]
[Site "Tromsoe"]
[Date "2013.02.22"]
[Round "4"]
[White "Knutsen, Paal Egil"]
[Black "Kristensen, Kjell Ole"]
[Result "0-1"]
[WhiteElo "1239"]
[BlackElo "2028"]
[PlyCount "70"]
[EventDate "2013.02.22"]
[EventType "team-swiss"]
[EventRounds "5"]
[EventCountry "NOR"]
[SourceTitle "CBM 153 Extra"]
[Source "ChessBase"]
[SourceDate "2013.04.22"]
[SourceVersion "1"]
[SourceVersionDate "2013.04.22"]
[SourceQuality "1"]

1. c4 e5 2. Nc3 Ne7 3. g3 Nbc6 4. Nf3 g6 5. Bg2 Bg7 6. 0-0 0-0 7. d3 d6 8. Rb1 f5 9. Bg5 h6 10. Bxe7 Nxe7 11. b4 e4 12. Nxe4 fxe4 13. dxe4 Be6 14. Qd3 Nc6 15. e3 Ne5 16. Nxe5 dxe5 17. Qe2 Qe7 18. a3 Rad8 19. Rbd1 Qf7 20. Rxd8 Rxd8 21. Rd1 Rxd1+ 22. Qxd1 Bxc4 23. Qd8+ Bf8 24. Qb8 a5 25. Qxb7 axb4 26. axb4 Qd7 27. h4 Bd6 28. Bf1 Be6 29. Bb5 Qe7 30. Bc6 Bxb4 31. Bd5 Bd6 32. Qb3 Bxd5 33. exd5 e4 34. Qc4 Qe5 35. Kg2 Kf7 0-1

[Event "Harstad op"]
[Site "Harstad"]
[Date "2011.10.07"]
[Round "6"]
[White "Christiansen, Johan Sebastian"]
[Black "Kristensen, Kjell Ole"]
[Result "0-1"]
[WhiteElo "1955"]
[BlackElo "2148"]
[PlyCount "110"]
[EventDate "2011.10.05"]
[EventType "swiss"]
[EventRounds "6"]
[EventCountry "NOR"]
[SourceTitle "EXT 2012"]
[Source "ChessBase"]
[SourceDate "2011.11.24"]
[SourceVersion "1"]
[SourceVersionDate "2011.11.24"]
[SourceQuality "1"]

1. c4 c5 2. Nc3 Nc6 3. g3 g6 4. Bg2 Bg7 5. d3 d6 6. e4 e5 7. Nge2 Nge7 8. 0-0 0-0 9. Be3 Rb8 10. Qd2 Nd4 11. Rab1 a6 12. f4 f5 13. Kh1 b5 14. b3 Be6 15. Nd5 Qd7 16. fxe5 dxe5 17. Nxd4 cxd4 18. Bg5 Nxd5 19. exd5 Bf7 20. Bh6 b4 21. Rbe1 Rfe8 22. Bxg7 Kxg7 23. Re2 Re7 24. Rfe1 Qd6 25. Kg1 a5 26. Qb2 Rbe8 27. Qc2 Qc5 28. Kh1 g5 29. Qd2 h6 30. Rf1 Bg6 31. g4 Rf7 32. gxf5 Bxf5 33. Ref2 Ref8 34. Qe2 Qd6 35. Kg1 Bg6 36. Rxf7+ Rxf7 37. Rxf7+ Kxf7 38. Be4 Qf6 39. Bxg6+ Kxg6 40. Qe4+ Qf5 41. Qxf5+ Kxf5 42. c5 Kf6 43. Kf2 g4 44. c6 Ke7 45. c7 Kd7 46. d6 h5 47. Kg3 Kc8 48. Kg2 h4 49. Kf2 e4 50. dxe4 d3 51. e5 g3+ 52. hxg3 hxg3+ 53. Kxg3 d2 54. e6 d1Q 55. e7 Qxd6+ 0-1

[Event "Vadso op"]
[Site "Vadso"]
[Date "2010.08.28"]
[Round "3"]
[White "Kristensen, Kjell Ole"]
[Black "Holm, Kristian Stuvik"]
[Result "0-1"]
[WhiteElo "2157"]
[BlackElo "2086"]
[PlyCount "54"]
[EventDate "2010.08.27"]
[EventType "swiss"]
[EventRounds "5"]
[EventCountry "NOR"]
[SourceTitle "CBM 138 Extra"]
[Source "ChessBase"]
[SourceDate "2010.10.29"]
[SourceVersion "1"]
[SourceVersionDate "2010.10.29"]
[SourceQuality "1"]

1. e4 c5 2. Nf3 g6 3. d4 cxd4 4. Nxd4 Bg7 5. Nc3 Nc6 6. Be3 Nf6 7. h3 0-0 8. g4 d5 9. Bg2 Nxe4 10. Nxe4 Bxd4 11. Bxd4 dxe4 12. Bc3 f5 13. Qc1 Qd6 14. Qh6 e5 15. 0-0 fxg4 16. Bxe4 gxh3 17. f4 Bf5 18. Bxf5 Rxf5 19. fxe5 Qc5+ 20. Kh2 Rf2+ 21. Kxh3 Raf8 22. Rg1 R2f3+ 23. Kh2 Rf2+ 24. Kh3 R8f3+ 25. Rg3 Ne7 26. Qg5 Rxg3+ 27. Qxg3 Qc8+ 0-1

[Event "Narvik Rallarsjakken-A"]
[Site "Narvik"]
[Date "2010.04.16"]
[Round "4"]
[White "Soraas, Torben"]
[Black "Kristensen, Kjell Ole"]
[Result "0-1"]
[WhiteElo "2129"]
[BlackElo "2149"]
[PlyCount "50"]
[EventDate "2010.04.16"]
[EventType "swiss"]
[EventRounds "5"]
[EventCountry "NOR"]
[SourceTitle "EXT 2012"]
[Source "ChessBase"]
[SourceDate "2011.11.24"]
[SourceVersion "1"]
[SourceVersionDate "2011.11.24"]
[SourceQuality "1"]

1. e4 c5 2. Nc3 Nc6 3. g3 g6 4. d3 Bg7 5. Be3 d6 6. Qd2 Nd4 7. Bg2 Qa5 8. Nge2 e6 9. 0-0 Ne7 10. Nc1 0-0 11. Nb3 Qc7 12. Nc1 Rb8 13. Nd1 e5 14. c3 Ne6 15. Bh6 b5 16. Bxg7 Kxg7 17. Ne3 Bb7 18. Ne2 f5 19. f4 Rf6 20. Rf2 Rbf8 21. Raf1 c4 22. fxe5 dxe5 23. d4 Qd6 24. Nf4 Bxe4 25. Bxe4 exf4 0-1

[Event "Politiken Cup 30th"]
[Site "Helsingor"]
[Date "2008.07.23"]
[Round "6"]
[White "Kristensen, Kjell Ole"]
[Black "Henrichsen, Jens"]
[Result "1/2-1/2"]
[WhiteElo "2159"]
[BlackElo "1966"]
[PlyCount "63"]
[EventDate "2008.07.19"]
[EventType "swiss"]
[EventRounds "10"]
[EventCountry "DEN"]
[SourceTitle "CBM 125 Extra"]
[Source "ChessBase"]
[SourceDate "2008.09.01"]
[SourceVersion "1"]
[SourceVersionDate "2008.09.01"]
[SourceQuality "1"]

1. e4 c5 2. Nf3 d6 3. d4 cxd4 4. Nxd4 Nf6 5. Nc3 a6 6. f4 Qc7 7. Bd3 g6 8. Nf3 Nbd7 9. 0-0 Bg7 10. Kh1 0-0 11. Qe1 e5 12. Qh4 b5 13. f5 Bb7 14. Bh6 b4 15. Nd5 Bxd5 16. Bxg7 Kxg7 17. exd5 Nc5 18. Ng5 h6 19. Nh3 Nxd3 20. cxd3 Rac8 21. Qxb4 Nxd5 22. Qh4 Qd8 23. Qa4 Qb6 24. fxg6 Qb5 25. Qg4 Ne3 26. Rxf7+ Rxf7 27. Qxc8 Qd5 28. Rg1 Rf1 29. Qd7+ Kxg6 30. Qe8+ Kg7 31. Qe7+ Kg6 32. Qe8+ 1/2-1/2

[Event "NOR-chT lag"]
[Site "Tromsoe"]
[Date "2008.02.29"]
[Round "1"]
[White "Kristensen, Kjell Ole"]
[Black "Jensen, Paul Johan"]
[Result "1-0"]
[WhiteElo "1983"]
[BlackElo "1672"]
[PlyCount "101"]
[EventDate "2008.02.29"]
[EventType "team-tourn"]
[EventRounds "5"]
[EventCountry "NOR"]
[SourceTitle "EXT 2010"]
[Source "ChessBase"]
[SourceDate "2010.11.25"]
[SourceVersion "1"]
[SourceVersionDate "2010.11.25"]
[SourceQuality "1"]

1. e4 d5 2. exd5 Qxd5 3. Nc3 Qd8 4. d4 Nf6 5. Bc4 c6 6. Bg5 Bg4 7. f3 Bf5 8. Nge2 Qa5 9. Qd2 e6 10. 0-0 Nbd7 11. Bb3 Bd6 12. Ng3 Bxg3 13. hxg3 h6 14. Bf4 g5 15. Be3 g4 16. Rae1 0-0-0 17. f4 h5 18. Bf2 Qc7 19. Re2 Nc5 20. Rfe1 Ncd7 21. Nd1 Rdg8 22. c4 h4 23. d5 hxg3 24. Bxg3 Nh5 25. Qe3 Ndf6 26. dxe6 fxe6 27. c5 Nxg3 28. Qxg3 Nh5 29. Qe3 Nxf4 30. Rf2 Nd5 31. Bxd5 cxd5 32. Rf4 Qh7 33. Qg3 Qc7 34. b4 Rg5 35. Nc3 a6 36. Qe3 Rgh5 37. Kf2 Qg7 38. b5 Rh1 39. Rxh1 Rxh1 40. bxa6 bxa6 41. c6 g3+ 42. Ke2 Rh2 43. Rxf5 Qg4+ 44. Rf3 Rxg2+ 45. Ke1 Rg1+ 46. Kd2 Rg2+ 47. Ke1 d4 48. Rf8+ Kc7 49. Qe5+ Kb6 50. Na4+ Kxc6 51. Qc5+ 1-0

[Event "Vadsosjakken op"]
[Site "Vadso"]
[Date "2007.09.01"]
[Round "3"]
[White "Notkevich, Benjamin Arvola"]
[Black "Kristensen, Kjell Ole"]
[Result "1/2-1/2"]
[WhiteElo "2010"]
[BlackElo "2012"]
[PlyCount "105"]
[EventDate "2007.08.31"]
[EventType "swiss"]
[EventRounds "5"]
[EventCountry "NOR"]
[SourceTitle "CBM 120 Extra"]
[Source "ChessBase"]
[SourceDate "2007.11.01"]
[SourceVersion "1"]
[SourceVersionDate "2007.11.01"]
[SourceQuality "1"]

1. e4 c5 2. Nf3 e6 3. c3 d5 4. e5 Nc6 5. d4 Qc7 6. Be2 f6 7. 0-0 Bd7 8. Bf4 f5 9. Na3 a6 10. Nc2 b6 11. Be3 Be7 12. Qd2 h6 13. Nfe1 g5 14. Bh5+ Kf8 15. f4 Rh7 16. g4 Rg7 17. Nf3 Be8 18. Bxe8 Kxe8 19. fxg5 hxg5 20. gxf5 exf5 21. dxc5 bxc5 22. Qxd5 Rd8 23. Qe6 Qd7 24. Qxd7+ Rxd7 25. e6 Rd5 26. Rad1 Rxd1 27. Rxd1 f4 28. Bf2 Nf6 29. h3 Rg6 30. Re1 Nd5 31. Ne5 Rxe6 32. Nxc6 Rxc6 33. Re5 Nc7 34. b4 cxb4 35. Nd4 Rc5 36. Rxc5 Bxc5 37. cxb4 Bxb4 38. Nc6 Bd6 39. Kg2 Kf7 40. Kf3 Ne6 41. Nd4 Nxd4+ 42. Bxd4 Ke6 43. Ke4 Be7 44. Bf2 Kd6 45. Bd4 Kc6 46. a4 Bd8 47. Bf2 Bb6 48. Be1 Be3 49. Bb4 Bc1 50. Be7 Kd7 51. Bc5 Ke6 52. Bd4 Ba3 53. Bb6 1/2-1/2